[Event "The World Chess Open"]
[Site "SchemingMind.com"]
[Date "2007.08.13"]
[Round "-"]
[White "cnbcad"]
[Black "Dariusz1968"]
[Result "1-0"]
[WhiteCountry "USA"]
[BlackCountry "POL"]
[WhiteElo "1541"]
[WhiteRD "52"]
[BlackElo "1332"]
[BlackRD "53"]
[GameID "116070"]

1. e4 e5 2. Nf3 f6 3. c4 Bc5 4. d4 exd4 5. Nxd4 c6 6. Qh5+ g6 7. Qxc5 d6 8. Qb4 a6 9. c5 dxc5 10. Qxc5 Nd7
11. Qd6 Qe7 12. Qf4 g5 13. Qf3 Qb4+ 14. Qc3 Qxc3+ 15. bxc3 Ne5 16. Ba3 Bg4 17. f3 Bd7 18. Bd6 Nc4 19. Bxc4 Nh6 20. Ne6 Bxe6
21. Bxe6 Rd8 22. Bc7 Rd3 23. O-O Ke7 24. Bf5 Nxf5 25. exf5 Rc8 26. Bb6 h5 27. Re1+ Kf7 28. Bc5 Rcd8 29. Na3 Rxc3 30. Rac1 Rcd3
31. Nc4 g4 32. fxg4 hxg4 33. Re7+ Kg8 34. Nd6 R8xd6 35. Bxd6 Rxd6 36. Rxb7 g3 37. hxg3 Kf8 38. Re1
1-0

[Event "The World Chess Open"]
[Site "SchemingMind.com"]
[Date "2007.08.13"]
[Round "-"]
[White "Dariusz1968"]
[Black "cnbcad"]
[Result "0-1"]
[WhiteCountry "POL"]
[BlackCountry "USA"]
[WhiteElo "1420"]
[WhiteRD "55"]
[BlackElo "1558"]
[BlackRD "56"]
[GameID "116075"]

1. d4 d5 2. h3 Nf6 3. Nc3 Bf5 4. Bf4 e6 5. a3 Bd6 6. Bg5 Nbd7 7. e3 h6 8. Bxf6 Qxf6 9. Bd3 Bxd3 10. Qxd3 c5
11. Nb5 Bb8 12. Nf3 c4 13. Qd2 a6 14. Nc3 e5 15. Nxd5 Qd6 16. e4 exd4 17. Qxd4 O-O 18. Qxc4 Ba7 19. O-O Bb8 20. Rfd1 Ne5
21. Nxe5 Qxe5 22. f4 Qxb2 23. Qc5 Ba7 24. Ne7+ Kh8 25. Qxa7 Rxa7 26. g4 b5 27. g5 Rxe7 28. e5 hxg5 29. fxg5 Rxe5 30. h4 Qxc2
31. Re1 Qc5+ 32. Kh1 Rxe1+ 33. Rxe1 Rd8 34. g6 fxg6 35. a4 Rd2 36. a5 Qd5+
0-1

[Event "The World Chess Open"]
[Site "SchemingMind.com"]
[Date "2007.08.12"]
[Round "-"]
[White "lame wolf"]
[Black "Tahur"]
[Result "0-1"]
[WhiteCountry "INT"]
[BlackCountry "ARG"]
[WhiteElo "1118"]
[WhiteRD "91"]
[BlackElo "1763"]
[BlackRD "54"]
[GameID "116210"]

1. b4 e5 2. a3 c5 3. e4 cxb4 4. a4 Bc5 5. Bb2 Qf6 6. Qf3 Qxf3 7. Nxf3 Nc6 8. c3 d6 9. Bb5 a6 10. Bxc6+ bxc6
11. O-O Nf6 12. d4 bxc3 13. Bxc3 exd4 14. Bxd4 Bxd4 15. Nxd4 c5 16. Nf3 Nxe4 17. Nbd2 Nxd2 18. Nxd2 O-O 19. Rfe1 Bd7 20. Re7 Bc6
21. Nc4 d5 22. Ne5 Bb7 23. Rxb7 Rab8 24. Rab1 Rxb7 25. Rxb7 Re8 26. Nd3 c4
0-1

[Event "The World Chess Open"]
[Site "SchemingMind.com"]
[Date "2007.08.17"]
[Round "-"]
[White "bartleby en passant"]
[Black "Be0wulf"]
[Result "1-0"]
[WhiteCountry "IRL"]
[BlackCountry "PHI"]
[WhiteElo "1761"]
[WhiteRD "74"]
[BlackElo "1412"]
[BlackRD "78"]
[GameID "116211"]

1. e4 c5 2. Nf3 d6 3. d4 Nf6 4. Bc4 e6 5. Nc3 Be7 6. dxc5 dxc5 7. Qxd8+ Bxd8 8. Nb5 O-O 9. e5 Nd5 10. Bxd5 exd5
11. Bg5 Nd7 12. Bxd8 Rxd8 13. O-O-O d4 14. Nc7 Rb8 15. e6 fxe6 16. Nxe6 Re8 17. Rhe1 b6 18. Nc7 Rxe1 19. Rxe1 Bb7 20. Nh4
1-0

[Event "The World Chess Open"]
[Site "SchemingMind.com"]
[Date "2007.08.12"]
[Round "-"]
[White "scottlloyd"]
[Black "marks"]
[Result "0-1"]
[WhiteCountry "USA"]
[BlackCountry "PHI"]
[WhiteElo "1502"]
[WhiteRD "132"]
[BlackElo "1793"]
[BlackRD "80"]
[GameID "116212"]

1. d4 d5 2. Nf3 Nf6 3. Bg5 Nc6 4. Bxf6 exf6 5. e3 Bf5 6. Bb5 Bd6 7. Bxc6+ bxc6 8. Nc3 Rb8 9. b3 Bb4 10. Qd2 O-O
11. a3 Bd6 12. O-O-O Qe7 13. Nh4 Bd7 14. Kb2 Rb7 15. f4 Bxa3+ 16. Kb1 Rfb8 17. Rhe1 Bb4 18. Nf3 a5 19. h4 a4
0-1

[Event "The World Chess Open"]
[Site "SchemingMind.com"]
[Date "2007.08.12"]
[Round "-"]
[White "Tahur"]
[Black "lame wolf"]
[Result "1-0"]
[WhiteCountry "ARG"]
[BlackCountry "INT"]
[WhiteElo "1763"]
[WhiteRD "54"]
[BlackElo "1118"]
[BlackRD "91"]
[GameID "116216"]

1. e4 Nc6 2. Bc4 e6 3. Nc3 d6 4. Nf3 e5 5. d3 Bg4 6. h3 Bxf3 7. Qxf3 Nf6 8. Bg5 Be7 9. Bxf6 Bxf6 10. Nd5 Nd4
11. Qd1 c6 12. Nxf6+ Qxf6 13. c3 Ne6 14. Qb3 Rb8 15. Qb4 c5 16. Qa4+ Ke7 17. Qxa7 Rhc8 18. Qa4 Kf8 19. Qd7 Rd8 20. Qb5 b6
21. O-O Nc7 22. Qc6 Qe7 23. Rae1 Qd7 24. Qxd7 Rxd7 25. f4 b5 26. Bb3 c4 27. dxc4 bxc4 28. Bxc4 Rxb2 29. Rd1 Rb6 30. fxe5 Nb5
31. Bxb5 Rxb5 32. exd6 Re5 33. Rd4 f6 34. Kf2 Kf7 35. a4 Ke6 36. Rfd1 Rxd6 37. Rxd6+ Kf7 38. Ke3 Kg6 39. R1d5
1-0

[Event "The World Chess Open"]
[Site "SchemingMind.com"]
[Date "2007.08.17"]
[Round "-"]
[White "Be0wulf"]
[Black "bartleby en passant"]
[Result "0-1"]
[WhiteCountry "PHI"]
[BlackCountry "IRL"]
[WhiteElo "1412"]
[WhiteRD "78"]
[BlackElo "1761"]
[BlackRD "74"]
[GameID "116217"]

1. d4 d5 2. c4 Nf6 3. Nc3 e6 4. a3 c6 5. Nf3 dxc4 6. e4 b5 7. Be2 c5 8. Nxb5 Qa5+ 9. Nc3 Nxe4 10. Bd2 Nxd2
11. Qxd2 Ba6 12. d5 Qd8 13. Rd1 exd5 14. Qe3+ Be7 15. Nxd5 Kf8 16. O-O Nc6 17. Qe4 Qc8 18. Bxc4 Bxc4 19. Qxc4 Rb8 20. Nxe7 Nxe7
21. Ne5 Qe8 22. Nd7+ Kg8
0-1

[Event "The World Chess Open"]
[Site "SchemingMind.com"]
[Date "2007.08.13"]
[Round "-"]
[White "marks"]
[Black "scottlloyd"]
[Result "1-0"]
[WhiteCountry "PHI"]
[BlackCountry "USA"]
[WhiteElo "1793"]
[WhiteRD "80"]
[BlackElo "1502"]
[BlackRD "132"]
[GameID "116218"]

1. e4 e5 2. Nf3 Nc6 3. Bc4 Nf6 4. d3 Bc5 5. O-O d6 6. Bg5 h6 7. Bxf6 Qxf6 8. c3 Be6 9. b4 Nxb4 10. cxb4 Bxb4
11. Bxe6 Qxe6 12. Qa4+
1-0

[Event "The World Chess Open"]
[Site "SchemingMind.com"]
[Date "2007.08.13"]
[Round "-"]
[White "keen"]
[Black "Stahp"]
[Result "1-0"]
[WhiteCountry "SCO"]
[BlackCountry "FRA"]
[WhiteElo "1791"]
[WhiteRD "67"]
[BlackElo "1639"]
[BlackRD "105"]
[GameID "116325"]

1. e4 c5 2. Nf3 Nc6 3. d4 cxd4 4. Nxd4 g6 5. Nc3 Bg7 6. Be3 Nf6 7. f3 O-O 8. Qd2 d6 9. O-O-O Nd7 10. Bc4 Nxd4
11. Bxd4 Bxd4 12. Qxd4 Qb6 13. Nd5 Qxd4 14. Nxe7+ Kh8 15. Rxd4 Ne5 16. Bb3 Rd8 17. Rhd1 Be6 18. Rxd6 Rxd6 19. Rxd6 Bxb3 20. axb3 Kg7
21. Nd5 Kf8 22. h3 Rc8 23. Nc3 a6 24. f4 Nc6 25. Nd5 Rd8 26. Rxd8+ Nxd8 27. Kd2 Ne6 28. b4 Ke8 29. Ke3 Nf8 30. c4 Kd7
31. b3 Kd6 32. Kd3 Ne6 33. e5+ Kc6 34. Ke4 Ng7 35. g4 h6 36. f5 gxf5+ 37. gxf5 b5 38. c5
1-0

[Event "The World Chess Open"]
[Site "SchemingMind.com"]
[Date "2007.08.13"]
[Round "-"]
[White "Araki"]
[Black "gameoverziggy"]
[Result "1-0"]
[WhiteCountry "PER"]
[BlackCountry "CAN"]
[WhiteElo "1632"]
[WhiteRD "82"]
[BlackElo "1404"]
[BlackRD "97"]
[GameID "116326"]

1. Nf3 Nf6 2. c4 c5 3. Nc3 Nc6 4. d4 cxd4 5. Nxd4 g6 6. g3 Bg7 7. Bg2 O-O 8. O-O Nxd4 9. Be3 Nc6 10. a3 a5
11. Rb1 d6 12. b4 axb4 13. axb4 Bf5 14. Rb3 Nd7 15. Bxc6 bxc6 16. b5 cxb5 17. cxb5 Rb8 18. Nd5 Be6 19. f4 Bxd5 20. Qxd5 Nb6
21. Bxb6 Qxb6+ 22. e3 Rfc8 23. Kg2 Qb7 24. Qxb7
1-0

[Event "The World Chess Open"]
[Site "SchemingMind.com"]
[Date "2007.08.18"]
[Round "-"]
[White "Bacon"]
[Black "nupshawjr"]
[Result "1/2-1/2"]
[WhiteCountry "BER"]
[BlackCountry "USA"]
[WhiteElo "1145"]
[WhiteRD "89"]
[BlackElo "1470"]
[BlackRD "89"]
[GameID "116327"]

1. e4 d5 2. Nc3 dxe4 3. Nxe4 Nc6 4. Bc4 e5 5. Nf3 Bd6 6. O-O Nf6 7. Nxf6+ Qxf6 8. d3 O-O 9. h3 Qg6 10. d4 Bxh3
11. Nh4 Qg4 12. Qxg4 Bxg4 13. f3 Bd7 14. d5 Nd4 15. Be3 Bb5 16. Bxd4 Bxc4 17. Rfe1 exd4 18. Re4 c5 19. b3 Bxd5 20. Ree1 Bg3
21. Re7 Bxh4 22. Rd7 Bc6 23. Rd6 Bg3 24. c3 dxc3 25. Rd3 Be5 26. Re3 Rfe8 27. Rae1 c2 28. Rc1 Bf4 29. Rxe8+ Rxe8 30. Rxc2 Bg3
31. Rc1 Re2 32. a3 b5 33. Kf1 a5 34. Kxe2 b4 35. Rxc5 Be8 36. Rxa5 bxa3 37. Rxa3 h5 38. Ra5 g6=
1/2-1/2

[Event "The World Chess Open"]
[Site "SchemingMind.com"]
[Date "2007.08.13"]
[Round "-"]
[White "Stahp"]
[Black "keen"]
[Result "1/2-1/2"]
[WhiteCountry "FRA"]
[BlackCountry "SCO"]
[WhiteElo "1694"]
[WhiteRD "92"]
[BlackElo "1800"]
[BlackRD "66"]
[GameID "116330"]

1. e4 d6 2. d4 g6 3. f4 Bg7 4. Nf3 e6 5. Nc3 Ne7 6. Bd3 O-O 7. O-O Nbc6 8. Be3 Bd7 9. a3 a6 10. h3 Qc8
11. e5 d5 12. Qe1 f6 13. Qh4 Rf7 14. g4 Qf8 15. exf6 Rxf6 16. Ne5 Nxe5 17. fxe5 Rxf1+ 18. Rxf1 Qe8 19. Bg5 Nc6 20. Ne2 Nd8
21. Bf6 Qf8 22. Kg2 Nc6 23. c3 Be8 24. Ng1 Bf7 25. Nf3 Bxf6 26. Qxf6 Qe7 27. Qf4 Rf8 28. Qh6 Be8 29. Ng5 Rxf1 30. Bxf1 Nd8
31. Bd3 Qg7 32. Qxg7+ Kxg7 33. Nf3 Nf7 34. Kg3 Bd7 35. h4 Be8 36. g5 Ba4 37. Ne1 Bd1 38. Bc2 Bxc2 39. Nxc2 Nd8 40. Nb4 Nf7
41. Nd3 h6 42. Kf4 hxg5+ 43. hxg5 Nd8 44. Nc5 Kf7 45. b3 Ke7 46. c4 c6 47. cxd5 cxd5 48. Ke3 a5 49. Nd3 b6 50. b4 axb4
51. Nxb4 Kd7 52. Nd3 Ke7 53. Nf4 Kf7 54. Kd3 b5 55. Kc3 Nc6 56. Nd3 Ke8 57. Nf4 Kf7 58. Nd3 Ke7 59. Nf4=
1/2-1/2

[Event "The World Chess Open"]
[Site "SchemingMind.com"]
[Date "2007.08.13"]
[Round "-"]
[White "gameoverziggy"]
[Black "Araki"]
[Result "0-1"]
[WhiteCountry "CAN"]
[BlackCountry "PER"]
[WhiteElo "1404"]
[WhiteRD "97"]
[BlackElo "1632"]
[BlackRD "82"]
[GameID "116331"]

1. d4 Nf6 2. c4 e6 3. Nf3 Bb4+ 4. Bd2 Nc6 5. Bxb4 Nxb4 6. a3 Na6 7. b4 c6 8. e3 O-O 9. Nc3 d5 10. c5 Nc7
11. Bd3 Qe7 12. O-O Nd7 13. Ne5 f6 14. Qh5 f5 15. f4 g6 16. Qe2 Ne8 17. Nxd7 Bxd7 18. Nb1 Nf6 19. Nd2 Ne4 20. Rf3 Rf7
21. Rh3 Kg7 22. Bxe4= fxe4 23. Rg3= Qh4 24. Rh3= Qe7 25. Rg3 Rg8 26. Kf2 Qh4
0-1

[Event "The World Chess Open"]
[Site "SchemingMind.com"]
[Date "2007.08.18"]
[Round "-"]
[White "nupshawjr"]
[Black "Bacon"]
[Result "1-0"]
[WhiteCountry "USA"]
[BlackCountry "BER"]
[WhiteElo "1470"]
[WhiteRD "89"]
[BlackElo "1145"]
[BlackRD "89"]
[GameID "116332"]

1. e4 d5 2. exd5 Qxd5 3. Nf3 Bf5 4. Nc3 Qd7 5. d4 Nf6 6. Bc4 Ne4 7. Bxf7+ Kxf7 8. Nxe4 Bxe4 9. Ne5+ Ke8 10. Nxd7 Nxd7
11. O-O e5 12. dxe5 Nxe5 13. Re1 Rd8 14. Qh5+ g6 15. Qxe5+ Be7 16. Qxh8+ Kd7 17. Rd1+ Bd6 18. Qxh7+ Kc8 19. Bf4 Bxc2 20. Rd2 Be4
21. Rc1 Bxf4 22. Rxd8+ Kxd8 23. Rd1+ Ke8 24. Rd7 Be5 25. Qe7#
1-0

[Event "The World Chess Open"]
[Site "SchemingMind.com"]
[Date "2007.08.14"]
[Round "-"]
[White "errantknight"]
[Black "Tanis"]
[Result "0-1"]
[WhiteCountry "USA"]
[BlackCountry "CHN"]
[WhiteElo "1643"]
[WhiteRD "97"]
[BlackElo "2109"]
[BlackRD "90"]
[GameID "116427"]

1. e4 c5 2. Nf3 d6 3. d4 cxd4 4. Nxd4 Nc6 5. Be3 Nf6 6. Nc3 e5 7. Nf3 Be6 8. h3 d5 9. exd5 Nxd5 10. Nxd5 Bxd5
11. Be2 Qa5+ 12. c3 O-O-O 13. Qc2 f6 14. a3 g6 15. b4 Qc7 16. c4 Bxf3 17. Bxf3 Nd4 18. Bxd4 exd4 19. Qd3 Bg7 20. O-O Kb8
21. c5 f5 22. Rfe1 Rc8 23. Qb5 Rhd8 24. c6 b6 25. Qa6 Re8 26. Qb7+ Qxb7 27. cxb7 Rcd8 28. Rxe8 Rxe8 29. Rc1 d3 30. Kh2 d2
31. Rd1 Bc3 32. Kg3 Re1 33. Kf4 h6
0-1

[Event "The World Chess Open"]
[Site "SchemingMind.com"]
[Date "2007.08.14"]
[Round "-"]
[White "jamesm_beatty"]
[Black "Goran"]
[Result "0-1"]
[WhiteCountry "USA"]
[BlackCountry "ITA"]
[WhiteElo "1569"]
[WhiteRD "70"]
[BlackElo "2190"]
[BlackRD "95"]
[GameID "116429"]

1. e4 e5 2. Nf3 Nc6 3. Bb5 a6 4. Ba4 Nf6 5. Nc3 b5 6. Bb3 Be7 7. d4 exd4 8. Nxd4 Nxd4 9. Qxd4 c5 10. Qe5 d6
11. Qg3 c4 12. Bxc4 bxc4 13. Bf4 Nh5 14. Qe3 Nxf4 15. Qxf4 Rb8 16. O-O-O Bg5 17. Qxg5 Qxg5+ 18. Kb1 O-O 19. Rxd6 Qe5 20. Rhd1 Qxc3
21. b3 Be6 22. f4 cxb3 23. axb3 Bxb3 24. cxb3 Rxb3+ 25. Ka2 Qb2#
0-1

[Event "The World Chess Open"]
[Site "SchemingMind.com"]
[Date "2007.08.14"]
[Round "-"]
[White "Tanis"]
[Black "errantknight"]
[Result "1-0"]
[WhiteCountry "CHN"]
[BlackCountry "USA"]
[WhiteElo "2109"]
[WhiteRD "90"]
[BlackElo "1643"]
[BlackRD "97"]
[GameID "116438"]

1. e4 c5 2. Nf3 Nc6 3. d4 cxd4 4. Nxd4 Nxd4 5. Qxd4 d6 6. Nc3 e5 7. Bb5+ Bd7 8. Qa4 Bxb5 9. Nxb5 Qd7 10. Nc7+ Kd8
11. Qxd7+ Kxd7 12. Nxa8 Nf6 13. f3 Be7 14. c4 Rxa8 15. a4 b6 16. b3 h6 17. Ke2 Rc8 18. Rd1 Ke8 19. a5 bxa5 20. Rxa5 Rc7
21. Be3 Rb7 22. Rxa7 Rxa7 23. Bxa7 Nd7 24. b4 f6 25. b5 Kd8 26. Bf2 Kc8 27. Ra1 Kb7 28. Ra7+ Kc8 29. Ra8+ Nb8 30. Ba7 Kb7
31. Rxb8+
1-0

[Event "The World Chess Open"]
[Site "SchemingMind.com"]
[Date "2007.08.14"]
[Round "-"]
[White "Goran"]
[Black "jamesm_beatty"]
[Result "1-0"]
[WhiteCountry "ITA"]
[BlackCountry "USA"]
[WhiteElo "2190"]
[WhiteRD "95"]
[BlackElo "1569"]
[BlackRD "70"]
[GameID "116440"]

1. e4 e5 2. Nf3 Nc6 3. Nc3 Nf6 4. Bb5 a6 5. Bxc6 dxc6 6. Nxe5 Nxe4 7. Nxe4 Qd4 8. O-O Qxe5 9. d4 Qxe4 10. Re1 Qxe1+
11. Qxe1+ Be7 12. Qe5 Be6 13. Qxc7 Rd8 14. Qxb7 Rxd4 15. Be3 Rb4 16. Qa8+ Bd8 17. Rd1 Ke7 18. Bc5+ Kf6 19. Bxb4 Re8 20. Rxd8 Re7
21. Bxe7+
1-0

[Event "The World Chess Open"]
[Site "SchemingMind.com"]
[Date "2007.08.18"]
[Round "-"]
[White "palaciorep"]
[Black "Zugzwang"]
[Result "1/2-1/2"]
[WhiteCountry "ARG"]
[BlackCountry "CAN"]
[WhiteElo "1623"]
[WhiteRD "77"]
[BlackElo "1406"]
[BlackRD "64"]
[GameID "116538"]

1. e4 e5 2. Nf3 Nf6 3. Nc3 Bb4 4. d3 d5 5. Bd2 Bxc3 6. Bxc3 d4 7. Bd2 Nc6 8. h3 O-O 9. Be2 a5 10. O-O b5
11. Nh2 h6 12. Ng4 Nxg4 13. Bxg4 Bxg4 14. Qxg4 Ne7 15. Bxh6 Ng6 16. Bg5 f6 17. Bd2 Ne7 18. Bh6 Rf7 19. Bd2 Ra6 20. f4 c5
21. fxe5 fxe5 22. Rxf7 Kxf7 23. Rf1+ Rf6 24. Rxf6+ Kxf6 25. Bg5+ Kf7 26. Bxe7 Qxe7 27. Qf5+ Kg8 28. Qc8+ Qf8 29. Qe6+ Qf7 30. Qxe5 Qxa2
31. Qe8+ Kh7 32. Qh5+ Kg8 33. Qxc5 Qxb2 34. Qd5+=
1/2-1/2

[Event "The World Chess Open"]
[Site "SchemingMind.com"]
[Date "2007.08.15"]
[Round "-"]
[White "wom_bat"]
[Black "markakeen"]
[Result "0-1"]
[WhiteCountry "GER"]
[BlackCountry "GBR"]
[WhiteElo "1820"]
[WhiteRD "104"]
[BlackElo "2078"]
[BlackRD "88"]
[GameID "116539"]

1. d4 Nf6 2. c4 g6 3. Nc3 Bg7 4. Nf3 d5 5. e3 O-O 6. cxd5 Nxd5 7. Bc4 Nb6 8. Bb3 c5 9. O-O c4 10. Bc2 Nc6
11. b3 Be6 12. Bb2 cxb3 13. Bxb3 Bxb3 14. Qxb3 e6 15. Rfd1 Na5 16. Qb5 Nbc4 17. Na4 a6 18. Qg5 Qxg5 19. Nxg5 b5
0-1

[Event "The World Chess Open"]
[Site "SchemingMind.com"]
[Date "2007.08.15"]
[Round "-"]
[White "sidra"]
[Black "Dr_Pat"]
[Result "1-0"]
[WhiteCountry "HUN"]
[BlackCountry "USA"]
[WhiteElo "1722"]
[WhiteRD "82"]
[BlackElo "1476"]
[BlackRD "57"]
[GameID "116540"]

1. d4 Nf6 2. c4 e6 3. a3 c5 4. e3 d5 5. f3 cxd4 6. exd4 Nc6 7. c5 Be7 8. b4 O-O 9. Nc3 e5 10. dxe5 Nxe5
11. Bb5 a5 12. Bb2 axb4 13. axb4 Rxa1 14. Bxa1 Bd7 15. Bxd7 Qxd7 16. Na4 b5 17. Nb6 Qe6 18. Ne2 Nc4 19. Nxc4 dxc4 20. O-O Rd8
21. Nd4 Qe3+ 22. Kh1 Qa3 23. Qe1 Ne8 24. Nc6
1-0

[Event "The World Chess Open"]
[Site "SchemingMind.com"]
[Date "2007.08.15"]
[Round "-"]
[White "Konan_Kaddosh"]
[Black "Malatuso"]
[Result "1-0"]
[WhiteCountry "ITA"]
[BlackCountry "ITA"]
[WhiteElo "2335"]
[WhiteRD "68"]
[BlackElo "1762"]
[BlackRD "81"]
[GameID "116541"]

1. e4 c5 2. Nf3 Nc6 3. d4 cxd4 4. Nxd4 Nf6 5. Nc3 e5 6. Ndb5 a6 7. Nd6+ Bxd6 8. Qxd6 h6 9. Be3 Qa5 10. O-O-O b5
11. Nd5 Nxd5 12. exd5 Ne7 13. Bc5
1-0

[Event "The World Chess Open"]
[Site "SchemingMind.com"]
[Date "2007.08.18"]
[Round "-"]
[White "Zugzwang"]
[Black "palaciorep"]
[Result "0-1"]
[WhiteCountry "CAN"]
[BlackCountry "ARG"]
[WhiteElo "1406"]
[WhiteRD "64"]
[BlackElo "1623"]
[BlackRD "77"]
[GameID "116547"]

1. d4 d5 2. Nf3 Bf5 3. c4 Bxb1 4. Rxb1 Nf6 5. e3 e6 6. Qb3 b6 7. cxd5 Nxd5 8. Ne5 a6 9. Qa4+ Nd7 10. Bd2 Bd6
11. Nc6 Qc8 12. g3 b5 13. Qd1 Qb7 14. Rc1 O-O 15. Bg2 N7f6 16. O-O h5 17. Nb4 Bxb4 18. Bxb4 Rfe8 19. Bd2 Qb8 20. e4 Nb6
21. e5 Nfd5 22. Qxh5 Nc4 23. Bc3 c6 24. f4 Nce3 25. Rf3 Nxg2 26. Kxg2 Qb6 27. h4 b4 28. Bd2 Qxd4 29. Rc2 c5 30. g4 c4
31. g5 c3 32. bxc3 bxc3 33. Bxc3 Qe4 34. Bd2 Qxc2
0-1

[Event "The World Chess Open"]
[Site "SchemingMind.com"]
[Date "2007.08.15"]
[Round "-"]
[White "markakeen"]
[Black "wom_bat"]
[Result "1-0"]
[WhiteCountry "GBR"]
[BlackCountry "GER"]
[WhiteElo "2078"]
[WhiteRD "88"]
[BlackElo "1820"]
[BlackRD "104"]
[GameID "116548"]

1. d4 d5 2. c4 Nf6 3. Nf3 Nc6 4. Nc3 dxc4 5. e4 Bg4 6. d5 Ne5 7. Bf4 Ng6 8. Be3 e6 9. Bxc4 Bb4 10. Qa4+ c6
11. Qxb4 cxd5 12. Bb5+ Nd7 13. Bxd7+ Qxd7 14. Nb5 b6 15. Nfd4 e5 16. Nf5 Bxf5 17. Nd6+
1-0

[Event "The World Chess Open"]
[Site "SchemingMind.com"]
[Date "2007.08.15"]
[Round "-"]
[White "Dr_Pat"]
[Black "sidra"]
[Result "0-1"]
[WhiteCountry "USA"]
[BlackCountry "HUN"]
[WhiteElo "1476"]
[WhiteRD "57"]
[BlackElo "1722"]
[BlackRD "82"]
[GameID "116549"]

1. d4 d5 2. c4 dxc4 3. e3 b5 4. a4 c6 5. axb5 Bb7 6. Bxc4 cxb5 7. Bxb5+ Bc6 8. Bxc6+ Nxc6 9. d5 Ne5 10. Nf3 Nxf3+
11. Qxf3 Nf6 12. O-O e6 13. dxe6 fxe6 14. Rd1 Qc8 15. Ra3 Bxa3
0-1

[Event "The World Chess Open"]
[Site "SchemingMind.com"]
[Date "2007.08.15"]
[Round "-"]
[White "Malatuso"]
[Black "Konan_Kaddosh"]
[Result "0-1"]
[WhiteCountry "ITA"]
[BlackCountry "ITA"]
[WhiteElo "1762"]
[WhiteRD "81"]
[BlackElo "2335"]
[BlackRD "68"]
[GameID "116550"]

1. e4 c5 2. Nf3 Nc6 3. d4 cxd4 4. Nxd4 e5 5. Nf3 Nf6 6. Bd3 Bb4+ 7. c3 Be7 8. O-O d5 9. exd5 Qxd5 10. h3 e4
0-1

[Event "The World Chess Open"]
[Site "SchemingMind.com"]
[Date "2007.08.16"]
[Round "-"]
[White "erlepettus"]
[Black "marble"]
[Result "0-1"]
[WhiteCountry "USA"]
[BlackCountry "ENG"]
[WhiteElo "1264"]
[WhiteRD "114"]
[BlackElo "1679"]
[BlackRD "56"]
[GameID "116643"]

1. c4 e6 2. g3 Nf6 3. Bg2 d5 4. b3 c6 5. Bb2 Bc5 6. d4 Bb4+ 7. Nc3 O-O 8. Nf3 h6 9. O-O c5 10. Ne5 Nc6
11. Nxc6 bxc6 12. e4 cxd4 13. Qxd4 Re8 14. a3 e5 15. Qd3 Bxc3 16. Bxc3 d4 17. Bd2 Nd7 18. b4 Ba6 19. f4 Rb8 20. a4 Kh8
21. b5 Nc5 22. Qc2 d3 23. Qc3 Bb7 24. fxe5 cxb5 25. axb5 Nxe4 26. Qb2 Qb6+ 27. Kh1 Nxd2 28. Qxd2 Qd4 29. Ra3 Bxg2+ 30. Kxg2 Qxc4
31. Qxd3 Qe6 32. Rxa7 Red8 33. Qe2 Qd5+ 34. Kg1 Qc5+ 35. Kg2 Qxa7 36. Qf2 Qb7+ 37. Kg1 Rd7 38. h4 Qxb5 39. Qc2 Qxe5 40. Kh2 Rb2
41. Qxb2 Qxb2+ 42. Kh3 h5 43. Rh1 Rd2 44. Rb1 Rh2#
0-1

[Event "The World Chess Open"]
[Site "SchemingMind.com"]
[Date "2007.08.17"]
[Round "-"]
[White "marble"]
[Black "erlepettus"]
[Result "1-0"]
[WhiteCountry "ENG"]
[BlackCountry "USA"]
[WhiteElo "1679"]
[WhiteRD "56"]
[BlackElo "1264"]
[BlackRD "114"]
[GameID "116644"]

1. e4 e5 2. Nf3 Nf6 3. d4 exd4 4. e5 Qe7 5. Be2 Nd5 6. O-O Nc6 7. Re1 Nxe5 8. Nxe5 d6 9. Nf3 c5 10. Bb5+ Bd7
11. Rxe7+ Bxe7 12. Bxd7+ Kxd7 13. c3 Nb6 14. cxd4 cxd4 15. Qxd4 f6 16. Nc3 Rac8 17. Nb5 a6 18. Qxb6 axb5 19. Qxb7+ Rc7 20. Qxb5+ Rc6
21. Nd4 Rc8 22. Nxc6 Rxc6 23. Be3 Bd8 24. Rc1 Ke6 25. Qxc6 f5 26. Re1 Kf7 27. Qxd6 g6 28. Bd4 Bg5 29. Qd7+ Be7 30. Rxe7+ Kf8
31. Qe8#
1-0

[Event "The World Chess Open"]
[Site "SchemingMind.com"]
[Date "2007.09.21"]
[Round "-"]
[White "Tanis"]
[Black "marks"]
[Result "1-0"]
[WhiteCountry "CHN"]
[BlackCountry "PHI"]
[WhiteElo "2108"]
[WhiteRD "91"]
[BlackElo "1717"]
[BlackRD "61"]
[GameID "120913"]

1. e4 e5 2. Nf3 Nc6 3. Bc4 d6 4. O-O Bg4 5. Nc3 Qd7 6. h3 Bh5 7. d3 Nf6 8. Be3 h6 9. Nd5 O-O-O 10. Nxf6 gxf6
11. Nxe5 Bxd1 12. Nxd7 Bxc2 13. Nxf8 Rdxf8 14. Rfc1 Nb4 15. a3 Bxd3 16. axb4 Bxe4 17. Rxa7 Rfg8 18. g3 d5 19. Bb5 Kb8 20. Rca1 c6
21. Bf4+ Kc8 22. Bxc6
1-0

[Event "The World Chess Open"]
[Site "SchemingMind.com"]
[Date "2007.09.16"]
[Round "-"]
[White "Brennan Price"]
[Black "nupshawjr"]
[Result "1-0"]
[WhiteCountry "USA"]
[BlackCountry "USA"]
[WhiteElo "1773"]
[WhiteRD "154"]
[BlackElo "1496"]
[BlackRD "92"]
[GameID "120914"]

1. e4 d5 2. exd5 Nf6 3. d4 Nxd5 4. Nf3 Bg4 5. Be2 e6 6. O-O Bd6 7. c4 Nf4 8. c5 Be7 9. Bxf4 O-O 10. Ne5 Bxe2
11. Qxe2 Qxd4 12. Nd3 Nc6 13. Be3 Qd5 14. Nc3 Qd7 15. Rad1 Nd4 16. Qg4 Nf5 17. Ne5 Qc8 18. b4 Nxe3= 19. fxe3 Bf6 20. Rxf6 g6
21. Rd7 Kg7 22. Rfxf7+ Rxf7 23. Rxf7+ Kg8 24. Qh4 h5 25. Qf6 Qf8 26. Qxg6+
1-0

[Event "The World Chess Open"]
[Site "SchemingMind.com"]
[Date "2007.09.21"]
[Round "-"]
[White "marks"]
[Black "Tanis"]
[Result "0-1"]
[WhiteCountry "PHI"]
[BlackCountry "CHN"]
[WhiteElo "1717"]
[WhiteRD "61"]
[BlackElo "2108"]
[BlackRD "91"]
[GameID "120917"]

1. d4 Nf6 2. Nf3 e6 3. Bg5 d5 4. c4 dxc4 5. e4 Bb4+ 6. Nc3 c5 7. Bxc4 cxd4 8. Bxf6 Qxf6 9. e5 Qg6 10. O-O dxc3
11. Qa4+ Nc6 12. Nd4 cxb2 13. Rab1 Qe4 14. Nxc6 Bd7 15. Qxb4 Bxc6 16. f3 Qd4+ 17. Kh1 b5 18. Rfd1 Qxc4 19. Qd6 Bd5 20. Rxb2 Rd8
21. Qa3 Rd7 22. Rbd2 Qc6 23. Rc1 Qb6 24. Rc8+ Rd8 25. Rxd8+ Kxd8 26. Qd3 Kc8 27. f4 Rd8 28. Qc2+ Kb8 29. Qd1 Qe3
0-1

[Event "The World Chess Open"]
[Site "SchemingMind.com"]
[Date "2007.09.16"]
[Round "-"]
[White "nupshawjr"]
[Black "Brennan Price"]
[Result "1-0"]
[WhiteCountry "USA"]
[BlackCountry "USA"]
[WhiteElo "1496"]
[WhiteRD "92"]
[BlackElo "1773"]
[BlackRD "154"]
[GameID "120918"]

1. e4 c5 2. Nf3 d6 3. d4 cxd4 4. Nxd4 Nf6 5. Nc3 a6 6. Bc4 e6 7. Bg5 Be7 8. O-O Nc6 9. f4 e5 10. fxe5 dxe5
11. Nf5 Bxf5 12. Qxd8+ Rxd8 13. Rxf5 g6 14. Raf1 Ng8 15. Rxf7 Bxg5 16. Nd5 Nh6 17. Nc7#
1-0